000 00287nam a22001337a 4500
008 170904b xxu||||| |||| 00| 0 eng d
020 _a131211706
041 _aeng
080 _a070
100 _a40
101 _aMED
245 _aNEGOTIATING DIFFERNCE
_cBIZZEL.P
942 _2udc
_cBK
999 _c26001
_d26001